Statistiques concernant Monstres de Xana dans Code lyoko

Cliquez ici pour prendre le quiz!

Statistiques générales

  • Ce quiz a été pris 277 fois
  • Le résultat moyen est 6 sur 15

Statistiques - réponses

TerritoireRéponse% Correct
LyokoMéduse
77%
LyokoKrabes
54%
LyokoTarentules
54%
5e TerritoireMantas
53%
BanquiseKolosse
47%
LyokoKankrelats
45%
LyokoBlocs
44%
5e TerritoireRampants
44%
LyokoWilliam
43%
LyokoMégatanks
37%
LyokoFrôlions
34%
Mer NumériqueRekins
30%
Mer NumériqueKongres
26%
Mer NumériqueKalamar
23%
Banquise/MontagneGardien
21%

Distribution des résultats

Percentile par nombre de réponses

% des personnes avec chaque résultat

Votre développement - résultats

Vous n’avez pas pris ce quiz